Actors / Actresses by their Characters - Picture Edition #5 - Statistics

General Stats
  • This quiz has been taken 68 times
  • The average score is 8 of 15
Answer Stats
Picture Answer % Correct
Robert Downey Jr.
88%
Scarlett Johansson
79%
Zac Efron
71%
Timothée Chalamet
69%
Adam Driver
60%
Michelle Pfeiffer
59%
Joe Pesci
53%
Sidney Poitier
50%
Jennifer Lopez
48%
Gérard Depardieu
43%
Jamie Lee Curtis
40%
Alyson Hannigan
28%
Chloë Grace Moretz
28%
Miranda Cosgrove
26%
Rita Hayworth
16%
No matching quizzes found
Score Distribution
Percent of People with Each Score
Percentile by Number Answered
Your Score History
You have not taken this quiz